| 000 | 00990nam a22002897a 4500 | ||
|---|---|---|---|
| 001 | BR0809771 | ||
| 003 | BR-BrBNA | ||
| 005 | 20230928102848.0 | ||
| 007 | ta | ||
| 008 | 230509b bl.||||| |||| 00| 0 por d | ||
| 040 |
_aBR-BrBNA _bpor _cBiblioteca Nacional de Agricultura |
||
| 041 | _a(Eng, Por) | ||
| 072 | _aE14; P10 | ||
| 090 | _ E14 BR0809771 | ||
| 110 | 1 |
_aAgência Nacional das Águas, Brasília, DF (Brasil) _989 |
|
| 245 | 1 | _aPrograma de ações estratégicas para o gerenciamento integrado do Pantanal e da Bacia do Alto Paraguai; Strategic action program for the integrated management of the Pantanal and the upper Paraguay river basin | |
| 260 | 3 |
_aBrasília, DF (Brasil): _c2005. |
|
| 300 | _a304 p. | ||
| 500 | _a52 illus.; 33 tables | ||
| 650 | _aDESENVOLVIMENTO ECONÔMICO | ||
| 650 | _aBACIA HIDROGRÁFICA | ||
| 650 | _aPROGRAMA DE DESENVOLVIMENTO | ||
| 650 | _aPANTANAL | ||
| 650 | _aRIO PARAGUAI | ||
| 909 |
_a202309 _bLucia _c55 _dLucia Elande |
||
| 942 | _cBK | ||
| 999 |
_c72743 _d72743 |
||